000 00481nam a2200181Ia 4500
001 1609
005 20260306143741.0
008 260306t2006||||xx |||||||||||||| ||spa||
041 _aESP
082 _a153.9
_bA62
100 _aAntunnes, Celso A.
_eAUT
245 0 _aEstimular las inteligencias múltiples:
_bqué son, cómo se manifiestan, cómo funcionan
260 _c2006
300 _a116 páginas :
_c21 cm.
650 _aGEN
654 _aCPS
942 _cLIB
_dJUS
_fJUS
_2ddc
_n
999 _c1609
_d1609